000 00634nam a2200181 i 4500
001 132866
003 ES-MaACL
005 20231207063030.0
007 t|
008 070214s1972 sp r ||||1| spa d
100 1 _aRosales, Luis,
_d1910-1992
_999644
245 1 0 _aLírica española
_b: Garcilaso, Camoens, Cervantes, Duque de Rivas, Rubén Darío, Antonio Machado, Leopoldo Panero /
_cLuis Rosales.
260 _aMadrid :
_bEd. Nacional,
_c1972.
300 _a433 p. ;
_c22 cm.
650 4 _aPoesía lírica española-
_xHistoria y crítica.
_916193
852 _aES-MaACL
_jC-43363
_bR.82629
999 _c132866
_d132866